Statistics for 日本の歴代総理大臣

Click here to take the quiz!

General Stats

  • This quiz has been taken 70 times
  • The average score is 64 of 100

Answer Stats

総理在職期間% Correct
初代伊藤博文1885/12/22~1888/04/30
98%
10代伊藤博文1900/10/19~1901/05/10
98%
5代伊藤博文1892/08/08~1896/08/31
98%
7代伊藤博文1898/01/12~1898/06/30
98%
98代安倍晋三2017/11/11~2020/09/16
96%
97代安倍晋三2014/12/24~2017/11/11
96%
96代安倍晋三2012/12/26~2014/12/24
96%
90代安倍晋三2006/09/26~2007/09/26
96%
100代岸田文雄2021/10/4~
92%
99代菅義偉2020/9/16~2021/10/4
88%
64代田中角栄1972/07/07~1972/12/22
80%
65代田中角栄1972/12/22~1974/12/09
80%
92代麻生太郎2008/09/24~2009/09/16
80%
51代吉田茂1953/05/21~1954/12/10
78%
93代鳩山由紀夫2009/09/16~2010/06/08
78%
45代吉田茂1946/05/22~1947/05/24
78%
48代吉田茂1948/10/15~1949/02/16
78%
49代吉田茂1949/02/16~1952/10/30
78%
50代吉田茂1952/10/30~1953/05/21
78%
87代小泉純一郎2001/04/26~2003/11/19
78%
89代小泉純一郎2005/09/21~2006/09/26
78%
88代小泉純一郎2003/11/19~2005/09/21
78%
94代菅直人2010/06/08~2011/09/02
78%
62代佐藤栄作1967/02/17~1970/01/14
76%
61代佐藤栄作1964/11/09~1967/02/17
76%
63代佐藤栄作1970/01/14~1972/07/07
76%
81代村山富市1994/06/30~1996/01/11
74%
13代桂太郎1908/07/14~1911/08/30
74%
43代東久邇宮稔彦1945/08/17~1945/10/09
74%
15代桂太郎1912/12/21~1913/02/20
74%
53代鳩山一郎1955/03/19~1955/11/22
74%
52代鳩山一郎1954/12/10~1955/03/19
74%
54代鳩山一郎1955/11/22~1956/12/23
74%
11代桂太郎1901/06/02~1906/01/07
74%
95代野田佳彦2011/09/02~2012/12/26
72%
17代大隈重信1914/04/16~1916/10/09
72%
40代東條英機1941/10/18~1944/07/22
72%
19代原敬1918/09/29~1921/11/04
72%
14代西園寺公望1911/08/30~1912/12/21
72%
56代岸信介1957/02/25~1958/06/12
72%
57代岸信介1958/06/12~1960/07/19
72%
12代西園寺公望1906/01/07~1908/07/14
72%
8代大隈重信1898/06/30~1898/11/08
72%
2代黒田清隆1888/04/20~1889/10/25
70%
58代池田勇人1960/07/19~1960/12/08
68%
59代池田勇人1960/12/08~1963/12/09
68%
73代中曽根康弘1986/07/22~1987/11/06
68%
39代近衛文麿1941/07/18~1941/10/18
68%
38代近衛文麿1940/07/22~1941/07/18
68%
71代中曽根康弘1982/11/27~1983/12/27
68%
72代中曽根康弘1983/12/27~1986/07/22
68%
34代近衛文麿1937/06/04~1939/01/05
68%
29代犬養毅1931/12/13~1932/05/16
68%
91代福田康夫2007/09/26~2008/09/24
68%
60代池田勇人1963/12/09~1964/11/09
68%
20代高橋是清1921/11/13~1922/06/12
66%
67代福田赳夫1976/12/24~1978/12/07
62%
85代森喜朗2000/04/05~2000/07/04
60%
86代森喜朗2000/07/04~2001/04/26
60%
3代山県有朋1889/12/24~1891/05/06
60%
9代山県有朋1898/11/08~1900/10/19
60%
83代橋本龍太郎1996/11/07~1998/07/30
58%
82代橋本龍太郎1996/01/11~1996/11/07
58%
84代小渕恵三1998/07/30~2000/04/05
56%
42代鈴木貫太郎1945/04/07~1945/08/17
54%
66代三木武夫1974/12/09~1976/12/24
54%
80代羽田孜1994/04/28~1994/06/30
54%
74代竹下登1987/11/06~1989/06/03
54%
77代海部俊樹1990/02/28~1991/11/05
52%
76代海部俊樹1989/08/10~1990/02/28
52%
79代細川護煕1993/08/09~1994/04/28
50%
55代石橋湛山1956/12/23~1957/02/25
50%
6代松方正義1896/09/18~1898/01/12
50%
4代松方正義1891/05/06~1892/08/08
50%
44代幣原喜重郎1945/10/09~1946/05/22
50%
69代大平正芳1979/11/09~1980/06/12
48%
68代大平正芳1978/12/07~1979/11/09
48%
27代浜口雄幸1929/07/02~1931/04/14
48%
24代加藤高明1924/06/11~1926/01/28
46%
70代鈴木善幸1980/07/17~1982/11/27
44%
78代宮澤喜一1991/11/05~1993/08/09
44%
18代寺内正毅1916/10/09~1918/09/29
44%
26代田中義一1924/04/20~1929/07/02
42%
47代芦田均1948/03/10~1948/10/05
42%
46代片山哲1947/05/22~1948/03/10
42%
33代林銑十郎1937/02/02~1937/06/04
42%
28代若槻礼次郎1931/04/14~1931/12/13
40%
25代若槻礼次郎1926/01/30~1924/04/20
40%
22代山本権兵衛1923/09/02~1924/01/07
40%
21代加藤友三郎1922/06/12~1923/08/24
40%
37代米内光政1940/01/16~1940/07/22
40%
16代山本権兵衛1913/02/20~1914/04/16
40%
30代斎藤実1932/05/26~1934/07/08
38%
41代小磯国昭1944/07/22~1945/04/07
38%
31代岡田啓介1934/07/08~1936/03/09
36%
35代平沼騏一郎1939/01/05~1939/08/30
36%
23代清浦奎吾1924/01/07~1924/06/11
36%
75代宇野宗佑1989/06/03~1989/08/10
34%
36代阿部信行1939/08/30~1940/01/16
34%
32代広田弘毅1936/03/09~1937/02/02
32%

Score Distribution

Percentile by Number Answered

Percent of People with Each Score

Your Score History

You have not taken this quiz